000 00836nam a2200193 i 4500
001 158659
003 ES-MaACL
005 20240126182846.0
008 040902s1856 fr a |||| | ita d
040 _aCAM
_bspa
_cCAM
100 1 _aManzoni, Alessandro.
_976238
245 1 2 _aI promessi sposi
_b: storia milanesa del secolo XVII /
_cscoperta e rifatta da Alessandro Manzoni; edizione fatta su quella riveduta dall'autore.
260 _aParigi :
_bVª Baudry libreria europea,
_c1856 (
_fTypographie de Ch. Lahure)
300 _aIV, 471 p., [1] h. de lám. ;
_c21 cm.
490 1 _aCollezione de' migliori autori italiani antichi e moderni ;
_v1
830 0 _aCollezione de' miglori autori italiani antichi e moderni
_v1
_9221518
852 _aES-MaACL
_jC-2864
_z-- Enc. hol.
_z-- Legado M. de la Fuente
999 _c158659
_d158659